Test your C skills/ (Record no. 2108)
[ view plain ]
| 000 -LEADER | |
|---|---|
| fixed length control field | 00367nam a22001337a 4500 |
| 008 - FIXED-LENGTH DATA ELEMENTS--GENERAL INFORMATION | |
| fixed length control field | 200213b ||||| |||| 00| 0 eng d |
| 100 ## - MAIN ENTRY--PERSONAL NAME | |
| 9 (RLIN) | 1612 |
| Personal name | Kanetkar, Yashavant |
| 245 10 - TITLE STATEMENT | |
| Title | Test your C skills/ |
| 250 ## - EDITION STATEMENT | |
| Edition statement | 2nd rev ed. |
| 260 ## - PUBLICATION, DISTRIBUTION, ETC. (IMPRINT) | |
| Place of publication, distribution, etc | New-Delhi |
| Name of publisher, distributor, etc | BPB Publication |
| Date of publication, distribution, etc | 2006 |
| 300 ## - PHYSICAL DESCRIPTION | |
| Extent | viii,461p. |
| 650 #0 - SUBJECT ADDED ENTRY--TOPICAL TERM | |
| Topical term or geographic name as entry element | Computer Engineering |
| 942 ## - ADDED ENTRY ELEMENTS (KOHA) | |
| Item type | Books |
| Withdrawn status | Lost status | Source of classification or shelving scheme | Damaged status | Not for loan | Permanent location | Current location | Date acquired | Source of acquisition | Cost, normal purchase price | Full call number | Barcode | Date last seen | Cost, replacement price | Koha item type |
|---|---|---|---|---|---|---|---|---|---|---|---|---|---|---|
| Withdrawn | IMU Kolkata | IMU Kolkata | 2006-11-30 | Jyoti, the Book People | 210.00 | 629.8 K1636 | 09742 | 2020-02-13 | 210.00 | Books | ||||
| IMU Kolkata | IMU Kolkata | 2006-11-30 | Jyoti, the Book People | 629.8 K1636 | 09743 | 2020-02-13 | 210.00 | Books | ||||||
| IMU Kolkata | IMU Kolkata | 2006-11-30 | Jyoti, the Book People | 629.8 K1636 | 09744 | 2020-02-13 | 210.00 | Books | ||||||
| IMU Kolkata | IMU Kolkata | 2006-11-30 | Jyoti, the Book People | 629.8 K1636 | 09745 | 2020-02-13 | 210.00 | Books | ||||||
| IMU Kolkata | IMU Kolkata | 2006-11-30 | Jyoti, the Book People | 629.8 K1636 | 09746 | 2020-02-13 | 210.00 | Books |